000 003280000a22001450004500
003 MACL
040 _aMACL
090 _c32321
_d32319
100 _aSeth, Vikram
245 _aNot a niceman to Know
_bThe best of Khushwant Singh
260 _bPenguin Books
_c1993
350 _b295
650 _aFiction
942 _cBOOK
_k823/SET
999 _c31992
_d31992